| 000 | 00000nas##2200000za#4500 |
| 001 | 9.506856 |
| 003 | CaOODSP |
| 005 | 20200325101630 |
| 007 | cr ||||||||||| |
| 008 | 150406c1997||||xxc|| p o||||f| |0eng|d |
| 022 | |a1494-5711 |
| 040 | |aCaOODSP|beng |
| 043 | |an-cn--- |
| 086 | 1 |aT12-7E-PDF |
| 110 | 1 |aCanada. |bTransport Canada. |
| 245 | 10|aMarine safety review / |h[electronic resource]|c[issued by the] Marine Safety Directorate of Transport Canada. |
| 260 | |aOttawa - Ontario : |bTransport Canada |c[1997]-. |
| 310 | |aQuarterly |
| 362 | 1 |a[Vol. 1, no.1, March 1997 - No. 10, Autumn 2002] |
| 690 | 07|aMarine safety|2gcpds |
| 775 | 08|tSécurité maritime en rubrique / |w(CaOODSP)9.503252 |
| 776 | 0#|tMarine safety review / |w(CaOODSP)9.508754 |
| 776 | 0#|tSécurité maritime en rubrique / |w(CaOODSP)9.508755 |